Catálogo público

La Ganadería en América Latina y el Caribe : alternativas para la producción competitiva, sustentable e incluyente de alimentos de origen animal / editores Rafael Nuñez Domínguez, Rodolfo Ramírez Valverde, Salvador Fernández Rivera...[et al.] (Record no. 217177)

MARC details
000 -CABECERA
campo de control de longitud fija 01420nam a2200253Ia 4500
001 - NÚMERO DE CONTROL
campo de control Z_6811
008 - DATOS DE LONGITUD FIJA--INFORMACIÓN GENERAL
campo de control de longitud fija 220601s9999 xx 000 0 und d
020 ## - NÚMERO INTERNACIONAL ESTÁNDAR DEL LIBRO
Número Internacional Estándar del Libro 978-607-715-305-4
082 ## - NÚMERO DE LA CLASIFICACIÓN DECIMAL DEWEY
Número de clasificación 338.1498 G36
245 ## - MENCIÓN DE TÍTULO
Título La Ganadería en América Latina y el Caribe : alternativas para la producción competitiva, sustentable e incluyente de alimentos de origen animal / editores Rafael Nuñez Domínguez, Rodolfo Ramírez Valverde, Salvador Fernández Rivera...[et al.]
260 ## - PUBLICACIÓN, DISTRIBUCIÓN, ETC.
Lugar de publicación, distribución, etc. Gaudalajara, Jal. México : Fundación Colegio de Postgraduados en Ciencias Agricolas : Colegio de Postgraduados : Universidad Autónoma Chapingo : Asociación Latinoamericana de Producción Animal : Organización de las Naciones Unidas para la Alimentación y la Agricultura : Instituto Interamericano de Cooperación para la Agricultura
300 ## - DESCRIPCIÓN FÍSICA
Extensión 809 p.
440 ## - MENCIÓN DE SERIE/PUNTO DE ACCESO ADICIONAL--TÍTULO
Título Biblioteca Básica de Agricultura
9 (RLIN) 12245
503 ## - NOTA DE HISTORIA BIBLIOGRÁFICA (BK CF MU) [OBSOLETO]
Nota de historia bibliográfica ej.1: consumo \ ej.2: consumo \ ej.3: consumo \ ej.4: consumo \ ej.5. consumo
504 ## - NOTA DE BIBLIOGRAFÍA, ETC.
Nota de bibliografía, etc. Incluye bibliografía
650 ## - PUNTO DE ACCESO ADICIONAL DE MATERIA--TÉRMINO DE MATERIA
Término de materia o nombre geográfico como elemento de entrada 1. Ganadería -- América Latina
650 ## - PUNTO DE ACCESO ADICIONAL DE MATERIA--TÉRMINO DE MATERIA
Término de materia o nombre geográfico como elemento de entrada Ganadería -- Producción -- América Latina
700 ## - PUNTO DE ACCESO ADICIONAL--NOMBRE DE PERSONA
Nombre de persona Nuñez Domínguez, Rafael, ed. \ Ramírez Valverde, Rodolfo, ed. \ Fernández Rivera, Salvador, ed.Ì
9 (RLIN) 184402
901 ## - ELEMENTOS DE DATOS A LOCAL LDA (RLIN)
a 338.1498 G36
902 ## - ELEMENTOS DE DATOS B LOCAL, LDB (RLIN)
a M
905 ## - ELEMENTOS DE DATOS E LOCAL, LDE (RLIN)
a 5232272015 mx dmn 8222223322spa16
942 ## - ELEMENTOS DE PUNTO DE ACCESO ADICIONAL (KOHA)
Tipo de ítem Koha Libro_

No items available.